000 00668nam a2200241Ia 4500
003 OSt
005 20220916110942.0
006 a|||||r|||| 00| 0
007 ta
008 220915b |||||||| |||| 00| 0 eng d
024 _a28787
037 _cTextbook
040 _beng
_aARTS
_cARTS
041 _aeng
082 _aO111,2J64,2L:g, K1-;2
100 _aDanby John F.
245 0 _aShakespeare's doctrine of nature : A study of King Lear
260 _aLondon
_bFaber and Faber UK
300 _a234p.
_ccm.
650 _aSHAKESPEARE, WILLIAM
942 _hO111,2J64,2L:g, K1-;2
_cTB
_2CC
999 _c102140
_d102140